{"text_format":"3","workbook":"xls","n_sheets":1,"sheets":["Administration_form_29-02-20"],"read":"whole","date_system":"1900","formulas":"cached_only"}

{"sheet":"Administration_form_29-02-20","index":0,"n_rows":60,"n_cols":41,"rows_kept":60,"flags":["formulas_cached_only"]}
[null,"#type","@name","@uiVersion","@version","@xmlns","bkg_g_clstaff","bkg_g_cstaff","bkg_g_dnum","bkg_g_ibed","bkg_g_inp","bkg_g_inum","bkg_g_iseen","bkg_g_md","bkg_g_ncstaff","bkg_g_omon","bkg_g_oseen","bkg_g_outp","bkg_g_snum","bkg_g_surg","bkg_ws_qn_wmon","bkg_ws_qn_wmon_know","note_admin","bkg_g_cnum","case.@case_id","case.@date_modified","case.@user_id","case.@xmlns","meta.@xmlns","meta.appVersion","meta.app_build_version","meta.commcare_version","meta.deviceID","meta.drift","meta.geo_point","meta.instanceID","meta.timeEnd","meta.timeStart","meta.userID","meta.username","facility_name"]
[28,"data","Administrative Data",1,1,"http://openrosa.org/formdesigner/3B1C38B8-553D-4F3C-863E-43CBC8E590CC",3,3,0,"NA","no","NA","NA",0,7,22,40,"yes","NA","no","NA","no","OK",0,"85bfbf94-8064-4b70-ad87-aace3a1c5b6e","2019-03-25T20:34:06.657000Z","dc95e619879b4692b66b732445ee7634","http://commcarehq.org/case/transaction/v2","http://openrosa.org/jr/xforms","CommCare Android, version \"2.44.5\"(452680). App v21. CommCare Version 2.44. Build 452680, built on: 2019-01-17",21,"2.44.5",{"v":357574000000000,"d":"3.58E+14"},0,"NA","27912ff7-b20e-4a8b-b4bb-53bb2018d7bb","2019-03-25T20:34:06.657000Z","2019-03-25T20:32:31.105000Z","dc95e619879b4692b66b732445ee7634","wsd","Bukoto HC III"]
[52,"data","Administrative Data",1,1,"http://openrosa.org/formdesigner/3B1C38B8-553D-4F3C-863E-43CBC8E590CC",1,28,80,32,"yes",6,70,2,5,30,2400,"yes",1000,"yes","NA","no","OK","NA","303d19f9-3ab9-4d8f-a10c-dbbe6a21b2b6","2019-03-06T10:32:11.971000Z","bfb5402b40164fd79972461697cc77d0","http://commcarehq.org/case/transaction/v2","http://openrosa.org/jr/xforms","CommCare Android, version \"2.44.5\"(452680). App v21. CommCare Version 2.44. Build 452680, built on: 2019-01-17",21,"2.44.5",{"v":352779000000000,"d":"3.53E+14"},0,"NA","a77d607d-7607-454e-93a5-daf1c61f1412","2019-03-06T10:32:11.971000Z","2019-03-06T09:47:12.060000Z","bfb5402b40164fd79972461697cc77d0","nal","Buwambo"]
[57,"data","Administrative Data",1,1,"http://openrosa.org/formdesigner/3B1C38B8-553D-4F3C-863E-43CBC8E590CC",2,12,123,4,"yes",10,100,0,3,30,1300,"yes",60,"yes","NA","no","OK","NA","32277f81-b07b-4fb0-a878-c49120793aaf","2019-03-07T12:30:55.368000Z","4863945666724523b39da5fe9b643354","http://commcarehq.org/case/transaction/v2","http://openrosa.org/jr/xforms","CommCare Android, version \"2.44.5\"(452680). App v21. CommCare Version 2.44. Build 452680, built on: 2019-01-17",21,"2.44.5",{"v":352779000000000,"d":"3.53E+14"},0,"NA","dd61b2f9-b16b-4820-b296-de0a236bb5a5","2019-03-07T12:30:55.368000Z","2019-03-07T12:27:48.795000Z","4863945666724523b39da5fe9b643354","aef","Bweyogerere Health Centre III"]
[55,"data","Administrative Data",1,1,"http://openrosa.org/formdesigner/3B1C38B8-553D-4F3C-863E-43CBC8E590CC",1,8,8,4,"yes",3,40,3,1,30,60,"yes",4,"yes","NA","no","OK","NA","73aceb7c-200e-4d61-bd8e-11c4f8fdb9f6","2019-03-11T18:19:54.938000Z","4863945666724523b39da5fe9b643354","http://commcarehq.org/case/transaction/v2","http://openrosa.org/jr/xforms","CommCare Android, version \"2.44.5\"(452680). App v21. CommCare Version 2.44. Build 452680, built on: 2019-01-17",21,"2.44.5",{"v":352779000000000,"d":"3.53E+14"},0,"NA","b73708ed-e490-4658-8ff1-04d9dde4bda1","2019-03-11T18:19:54.938000Z","2019-03-11T18:18:39.350000Z","4863945666724523b39da5fe9b643354","aef","Child In Need Institute Health Centre III (Buloba)"]
[46,"data","Administrative Data",1,1,"http://openrosa.org/formdesigner/3B1C38B8-553D-4F3C-863E-43CBC8E590CC",40,147,580,200,"yes",300,900,15,60,30,4000,"yes",236,"yes","NA","no","OK","NA","f5ab4459-96ff-4e24-816f-c730b5577e92","2019-03-11T19:11:37.530000Z","bfb5402b40164fd79972461697cc77d0","http://commcarehq.org/case/transaction/v2","http://openrosa.org/jr/xforms","CommCare Android, version \"2.44.5\"(452680). App v21. CommCare Version 2.44. Build 452680, built on: 2019-01-17",21,"2.44.5",{"v":352779000000000,"d":"3.53E+14"},0,"NA","163b022a-6dc9-47aa-94ff-99ec73d6b5b9","2019-03-11T19:11:37.530000Z","2019-03-06T12:53:29.762000Z","bfb5402b40164fd79972461697cc77d0","nal","Entebbe"]
[2,"data","Administrative Data",1,1,"http://openrosa.org/formdesigner/3B1C38B8-553D-4F3C-863E-43CBC8E590CC",3,17,50,12,"yes",5,37,0,7,30,1121,"yes",3,"yes","NA","no","OK","NA","29a1cc80-7837-49b1-ad61-b5f2d344b535","2019-04-01T16:00:27.518000Z","ac2930defd7345fca324fda6b2024bdf","http://commcarehq.org/case/transaction/v2","http://openrosa.org/jr/xforms","CommCare Android, version \"2.44.5\"(452680). App v21. CommCare Version 2.44. Build 452680, built on: 2019-01-17",21,"2.44.5",{"v":357574000000000,"d":"3.58E+14"},0,"NA","08396ee9-6ab7-498b-858a-292f6b3a2ff7","2019-04-01T16:00:27.518000Z","2019-04-01T15:56:27.559000Z","ac2930defd7345fca324fda6b2024bdf","cto","Goma HC III"]
[38,"data","Administrative Data",1,1,"http://openrosa.org/formdesigner/3B1C38B8-553D-4F3C-863E-43CBC8E590CC",0,0,35,38,"yes",10,25,0,0,30,24,"yes",10,"yes","NA","no","OK","NA","6b9eaca4-ebf4-40ef-84be-dcba37ea0fd7","2019-03-07T12:22:11.941000Z","dc95e619879b4692b66b732445ee7634","http://commcarehq.org/case/transaction/v2","http://openrosa.org/jr/xforms","CommCare Android, version \"2.44.5\"(452680). App v21. CommCare Version 2.44. Build 452680, built on: 2019-01-17",21,"2.44.5",{"v":357574000000000,"d":"3.58E+14"},0,"NA","1e961848-35d4-4cd2-a329-57b26959188e","2019-03-07T12:22:11.941000Z","2019-03-07T12:15:47.326000Z","dc95e619879b4692b66b732445ee7634","wsd","Holy Cross Orthodox Mission Namungoona General Hospital"]
[43,"data","Administrative Data",1,1,"http://openrosa.org/formdesigner/3B1C38B8-553D-4F3C-863E-43CBC8E590CC",2,7,24,2,"yes",2,50,0,6,30,650,"yes","NA","no",120,"yes","OK","NA","b631da9c-d660-4be6-bbe6-6b47ff45a55b","2019-03-06T10:57:19.922000Z","dc95e619879b4692b66b732445ee7634","http://commcarehq.org/case/transaction/v2","http://openrosa.org/jr/xforms","CommCare Android, version \"2.44.5\"(452680). App v21. CommCare Version 2.44. Build 452680, built on: 2019-01-17",21,"2.44.5",{"v":357574000000000,"d":"3.58E+14"},0,"NA","07a54275-74c5-4e68-ad41-c42f55a69048","2019-03-06T10:57:19.922000Z","2019-03-06T10:53:51.642000Z","dc95e619879b4692b66b732445ee7634","wsd","Kabanga"]
[33,"data","Administrative Data",1,1,"http://openrosa.org/formdesigner/3B1C38B8-553D-4F3C-863E-43CBC8E590CC",3,38,100,1,"yes",1,35,0,8,7,2000,"yes","NA","no",100,"yes","OK","NA","a549ba34-a026-4102-b097-370676fb8b86","2019-03-15T20:46:16.271000Z","dc95e619879b4692b66b732445ee7634","http://commcarehq.org/case/transaction/v2","http://openrosa.org/jr/xforms","CommCare Android, version \"2.44.5\"(452680). App v21. CommCare Version 2.44. Build 452680, built on: 2019-01-17",21,"2.44.5",{"v":357574000000000,"d":"3.58E+14"},0,"NA","42137197-aba2-4bc1-ac21-24de1028caea","2019-03-15T20:46:16.271000Z","2019-03-15T20:43:14.776000Z","dc95e619879b4692b66b732445ee7634","wsd","Kajjansi"]
[8,"data","Administrative Data",1,1,"http://openrosa.org/formdesigner/3B1C38B8-553D-4F3C-863E-43CBC8E590CC",1,11,40,5,"yes",2,30,1,4,30,600,"yes","NA","no","NA","no","OK","NA","004f32a5-2df5-4b20-b40b-90e3290f39cd","2019-03-13T17:48:30.612000Z","ac2930defd7345fca324fda6b2024bdf","http://commcarehq.org/case/transaction/v2","http://openrosa.org/jr/xforms","CommCare Android, version \"2.44.5\"(452680). App v21. CommCare Version 2.44. Build 452680, built on: 2019-01-17",21,"2.44.5",{"v":357574000000000,"d":"3.58E+14"},0,"NA","2c704b53-e99b-4def-b52d-606f26f1bc10","2019-03-13T17:48:30.612000Z","2019-03-13T17:47:08.239000Z","ac2930defd7345fca324fda6b2024bdf","cto","Kakiri"]
[56,"data","Administrative Data",1,1,"http://openrosa.org/formdesigner/3B1C38B8-553D-4F3C-863E-43CBC8E590CC",2,15,0,"NA","no","NA","NA",2,27,30,1000,"yes",700,"yes","NA","no","OK",0,"e05ec00c-c773-4f2e-88bc-a382aafbff1b","2019-03-11T06:37:27.882000Z","4863945666724523b39da5fe9b643354","http://commcarehq.org/case/transaction/v2","http://openrosa.org/jr/xforms","CommCare Android, version \"2.44.5\"(452680). App v21. CommCare Version 2.44. Build 452680, built on: 2019-01-17",21,"2.44.5",{"v":352779000000000,"d":"3.53E+14"},0,"NA","86ae3ecb-60bf-4402-817b-221469f1aa27","2019-03-11T06:37:27.882000Z","2019-03-11T06:33:47.625000Z","4863945666724523b39da5fe9b643354","aef","Kamwokya Christian Caring Community Health Centre III"]
[42,"data","Administrative Data",1,1,"http://openrosa.org/formdesigner/3B1C38B8-553D-4F3C-863E-43CBC8E590CC",3,32,300,31,"yes",13,370,2,8,30,4500,"yes",50,"yes","NA","no","OK","NA","b887363b-ddc9-4328-82ad-7068e410ae22","2019-03-22T07:12:25.621000Z","bfb5402b40164fd79972461697cc77d0","http://commcarehq.org/case/transaction/v2","http://openrosa.org/jr/xforms","CommCare Android, version \"2.44.5\"(452680). App v21. CommCare Version 2.44. Build 452680, built on: 2019-01-17",21,"2.44.5",{"v":352779000000000,"d":"3.53E+14"},0,"NA","ef21d0e5-0ece-450a-97ed-2128943ab20b","2019-03-22T07:12:25.621000Z","2019-03-22T07:10:55.164000Z","bfb5402b40164fd79972461697cc77d0","nal","Kasangati"]
[50,"data","Administrative Data",1,1,"http://openrosa.org/formdesigner/3B1C38B8-553D-4F3C-863E-43CBC8E590CC",1,3,20,6,"yes",5,45,0,9,30,1300,"yes","NA","no","NA","no","OK","NA","ddea40e5-99c7-4d66-ae75-46468a9d3cb7","2019-03-09T14:18:20.428000Z","bfb5402b40164fd79972461697cc77d0","http://commcarehq.org/case/transaction/v2","http://openrosa.org/jr/xforms","CommCare Android, version \"2.44.5\"(452680). App v21. CommCare Version 2.44. Build 452680, built on: 2019-01-17",21,"2.44.5",{"v":352779000000000,"d":"3.53E+14"},0,"NA","efb3dbcb-6062-4a42-b9ff-3daeebc8db00","2019-03-09T14:18:20.428000Z","2019-03-06T14:27:00.965000Z","bfb5402b40164fd79972461697cc77d0","nal","Kasanje"]
[5,"data","Administrative Data",1,1,"http://openrosa.org/formdesigner/3B1C38B8-553D-4F3C-863E-43CBC8E590CC",2,12,70,8,"yes",5,70,0,4,30,1500,"yes","NA","no","NA","no","OK","NA","d0f30780-597d-4190-85da-5d4e1fe043f9","2019-03-29T13:11:14.462000Z","ac2930defd7345fca324fda6b2024bdf","http://commcarehq.org/case/transaction/v2","http://openrosa.org/jr/xforms","CommCare Android, version \"2.44.5\"(452680). App v21. CommCare Version 2.44. Build 452680, built on: 2019-01-17",21,"2.44.5",{"v":357574000000000,"d":"3.58E+14"},0,"NA","e42a9b8f-9ca7-4715-994b-6de8a5a809d3","2019-03-29T13:11:14.462000Z","2019-03-29T13:07:31.187000Z","ac2930defd7345fca324fda6b2024bdf","cto","Kasawo"]
[49,"data","Administrative Data",1,1,"http://openrosa.org/formdesigner/3B1C38B8-553D-4F3C-863E-43CBC8E590CC",2,10,30,5,"yes",15,4,0,2,30,900,"yes","NA","no",80,"yes","OK","NA","30077609-82d3-4809-aeff-fb8cfdd59887","2019-03-04T11:17:56.648000Z","dc95e619879b4692b66b732445ee7634","http://commcarehq.org/case/transaction/v2","http://openrosa.org/jr/xforms","CommCare Android, version \"2.44.5\"(452680). App v21. CommCare Version 2.44. Build 452680, built on: 2019-01-17",21,"2.44.5",{"v":357574000000000,"d":"3.58E+14"},0,"NA","2fb41efe-f3ce-4048-9a38-5066a5d970ab","2019-03-04T11:17:56.648000Z","2019-03-04T11:11:36.091000Z","dc95e619879b4692b66b732445ee7634","wsd","Katoogo"]
[30,"data","Administrative Data",1,1,"http://openrosa.org/formdesigner/3B1C38B8-553D-4F3C-863E-43CBC8E590CC",17,25,450,20,"yes",45,500,2,20,22,6000,"yes",20,"yes","NA","no","OK","NA","4350a610-4e5a-4d3a-8b5f-2e59c481e725","2019-03-25T08:41:52.701000Z","dc95e619879b4692b66b732445ee7634","http://commcarehq.org/case/transaction/v2","http://openrosa.org/jr/xforms","CommCare Android, version \"2.44.5\"(452680). App v21. CommCare Version 2.44. Build 452680, built on: 2019-01-17",21,"2.44.5",{"v":357574000000000,"d":"3.58E+14"},0,"NA","d539af69-5494-4b2a-9d19-5baff111c8cd","2019-03-25T08:41:52.701000Z","2019-03-25T08:36:53.412000Z","dc95e619879b4692b66b732445ee7634","wsd","Kawaala"]
[6,"data","Administrative Data",1,1,"http://openrosa.org/formdesigner/3B1C38B8-553D-4F3C-863E-43CBC8E590CC",1,10,40,4,"yes",4,30,0,6,26,1000,"yes","NA","no","NA","no","OK","NA","f0f61469-d7b0-4bf9-97c0-65384a068567","2019-03-24T07:45:16.501000Z","ac2930defd7345fca324fda6b2024bdf","http://commcarehq.org/case/transaction/v2","http://openrosa.org/jr/xforms","CommCare Android, version \"2.44.5\"(452680). App v21. CommCare Version 2.44. Build 452680, built on: 2019-01-17",21,"2.44.5",{"v":357574000000000,"d":"3.58E+14"},0,"NA","202a1f1c-f0ed-4c77-af5d-5051406f9d03","2019-03-24T07:45:16.501000Z","2019-03-24T07:43:04.121000Z","ac2930defd7345fca324fda6b2024bdf","cto","Kawanda Health Centre III"]
[7,"data","Administrative Data",1,1,"http://openrosa.org/formdesigner/3B1C38B8-553D-4F3C-863E-43CBC8E590CC",30,150,3640,366,"yes",7256,7256,25,35,30,25755,"yes",285,"yes",10000,"yes","OK","NA","d4647415-8bd7-476a-b71b-f3d28cccc54a","2019-03-20T03:11:34.481000Z","ac2930defd7345fca324fda6b2024bdf","http://commcarehq.org/case/transaction/v2","http://openrosa.org/jr/xforms","CommCare Android, version \"2.44.5\"(452680). App v21. CommCare Version 2.44. Build 452680, built on: 2019-01-17",21,"2.44.5",{"v":357574000000000,"d":"3.58E+14"},0,"NA","17d05446-39d5-474d-b90e-9efa0d448464","2019-03-20T03:11:34.481000Z","2019-03-20T03:05:53.170000Z","ac2930defd7345fca324fda6b2024bdf","cto","Kawempe"]
[44,"data","Administrative Data",1,1,"http://openrosa.org/formdesigner/3B1C38B8-553D-4F3C-863E-43CBC8E590CC",23,29,222,140,"yes",50,200,29,26,30,50200,"yes",200,"yes","NA","no","OK","NA","927b3466-5828-4c35-b91b-0ac2b6f7dd4e","2019-03-14T11:51:53.585000Z","bfb5402b40164fd79972461697cc77d0","http://commcarehq.org/case/transaction/v2","http://openrosa.org/jr/xforms","CommCare Android, version \"2.44.5\"(452680). App v21. CommCare Version 2.44. Build 452680, built on: 2019-01-17",21,"2.44.5",{"v":352779000000000,"d":"3.53E+14"},0,"NA","2fd04295-da04-482f-99ea-6d82b2384476","2019-03-14T11:51:53.585000Z","2019-03-14T11:31:39.685000Z","bfb5402b40164fd79972461697cc77d0","nal","Kibuli"]
[61,"data","Administrative Data",1,1,"http://openrosa.org/formdesigner/3B1C38B8-553D-4F3C-863E-43CBC8E590CC",2,10,35,24,"yes",1,10,0,3,30,700,"yes","NA","no","NA","no","OK","NA","7d7a6759-cbec-46e4-9aa4-d1d699405efd","2019-03-05T11:30:27.768000Z","4863945666724523b39da5fe9b643354","http://commcarehq.org/case/transaction/v2","http://openrosa.org/jr/xforms","CommCare Android, version \"2.44.5\"(452680). App v21. CommCare Version 2.44. Build 452680, built on: 2019-01-17",21,"2.44.5",{"v":352779000000000,"d":"3.53E+14"},0,"NA","ac7374f2-ffa3-4f2f-a858-8610bf3fdac2","2019-03-05T11:30:27.768000Z","2019-03-05T11:27:59.765000Z","4863945666724523b39da5fe9b643354","aef","Kigungu HC III"]
[58,"data","Administrative Data",1,1,"http://openrosa.org/formdesigner/3B1C38B8-553D-4F3C-863E-43CBC8E590CC",3,2,90,0,"yes",27,730,0,14,30,2000,"yes",0,"yes","NA","no","OK","NA","d29c7279-3b3e-48d7-a3cb-18f2d71aa93e","2019-03-07T11:56:15.359000Z","4863945666724523b39da5fe9b643354","http://commcarehq.org/case/transaction/v2","http://openrosa.org/jr/xforms","CommCare Android, version \"2.44.5\"(452680). App v21. CommCare Version 2.44. Build 452680, built on: 2019-01-17",21,"2.44.5",{"v":352779000000000,"d":"3.53E+14"},0,"NA","c4bcf456-15ee-4037-a247-9f9af990783b","2019-03-07T11:56:15.359000Z","2019-03-07T11:52:53.847000Z","4863945666724523b39da5fe9b643354","aef","Kira Health Centre III"]
[12,"data","Administrative Data",1,1,"http://openrosa.org/formdesigner/3B1C38B8-553D-4F3C-863E-43CBC8E590CC",1,8,16,8,"yes",4,110,1,3,30,250,"yes",14,"yes","NA","no","OK","NA","0878b556-1b3b-4b0f-b6af-6efe4b29c1af","2019-03-07T10:09:38.057000Z","ac2930defd7345fca324fda6b2024bdf","http://commcarehq.org/case/transaction/v2","http://openrosa.org/jr/xforms","CommCare Android, version \"2.44.5\"(452680). App v21. CommCare Version 2.44. Build 452680, built on: 2019-01-17",21,"2.44.5",{"v":357574000000000,"d":"3.58E+14"},0,"NA","ffacbb56-f23d-4af9-9e79-598c30770f0f","2019-03-07T10:09:38.057000Z","2019-03-07T10:05:39.284000Z","ac2930defd7345fca324fda6b2024bdf","cto","Kisaasi COU Health Centre III"]
[29,"data","Administrative Data",1,1,"http://openrosa.org/formdesigner/3B1C38B8-553D-4F3C-863E-43CBC8E590CC",9,8,80,30,"yes",30,900,0,12,30,4000,"yes",534,"yes","NA","no","OK","NA","1a4b10d2-cd16-49a0-ba0c-735c9a3abd25","2019-03-25T20:13:55.429000Z","dc95e619879b4692b66b732445ee7634","http://commcarehq.org/case/transaction/v2","http://openrosa.org/jr/xforms","CommCare Android, version \"2.44.5\"(452680). App v21. CommCare Version 2.44. Build 452680, built on: 2019-01-17",21,"2.44.5",{"v":357574000000000,"d":"3.58E+14"},0,"NA","19fa92b6-c171-4389-9d4f-03ad14c33908","2019-03-25T20:13:55.429000Z","2019-03-25T20:10:37.429000Z","dc95e619879b4692b66b732445ee7634","wsd","Kisenyi"]
[47,"data","Administrative Data",1,1,"http://openrosa.org/formdesigner/3B1C38B8-553D-4F3C-863E-43CBC8E590CC",10,164,121,62,"yes",10,300,19,46,30,3000,"yes",69,"yes","NA","no","OK","NA","2735d15d-aa09-4bac-8661-7dab415e332d","2019-03-11T13:32:16.179000Z","bfb5402b40164fd79972461697cc77d0","http://commcarehq.org/case/transaction/v2","http://openrosa.org/jr/xforms","CommCare Android, version \"2.44.5\"(452680). App v21. CommCare Version 2.44. Build 452680, built on: 2019-01-17",21,"2.44.5",{"v":352779000000000,"d":"3.53E+14"},0,"NA","6903fa75-b965-4c33-b8f7-2fc9eb9b3ec8","2019-03-11T13:32:16.179000Z","2019-03-06T11:33:17.280000Z","bfb5402b40164fd79972461697cc77d0","nal","Kisubi Hospital"]
[37,"data","Administrative Data",1,1,"http://openrosa.org/formdesigner/3B1C38B8-553D-4F3C-863E-43CBC8E590CC",8,67,256,20,"yes",300,230,3,12,26,700,"yes","NA","no","NA","no","OK","NA","a0001338-5dbc-4719-ae14-4908a9c6e12a","2019-03-11T09:31:30.896000Z","dc95e619879b4692b66b732445ee7634","http://commcarehq.org/case/transaction/v2","http://openrosa.org/jr/xforms","CommCare Android, version \"2.44.5\"(452680). App v21. CommCare Version 2.44. Build 452680, built on: 2019-01-17",21,"2.44.5",{"v":357574000000000,"d":"3.58E+14"},0,"NA","e54ce7dc-da9c-43bd-b9c9-93728a5a39b0","2019-03-11T09:31:30.896000Z","2019-03-11T08:53:57.741000Z","dc95e619879b4692b66b732445ee7634","wsd","Kisugu"]
[39,"data","Administrative Data",1,1,"http://openrosa.org/formdesigner/3B1C38B8-553D-4F3C-863E-43CBC8E590CC",10,15,0,"NA","no","NA","NA",0,14,26,600,"yes","NA","no","NA","no","OK",0,"64a51393-1844-4e1c-b06a-c19a303fee0a","2019-03-07T04:46:34.848000Z","dc95e619879b4692b66b732445ee7634","http://commcarehq.org/case/transaction/v2","http://openrosa.org/jr/xforms","CommCare Android, version \"2.44.5\"(452680). App v21. CommCare Version 2.44. Build 452680, built on: 2019-01-17",21,"2.44.5",{"v":357574000000000,"d":"3.58E+14"},0,"NA","1da00817-a2d7-440c-9620-63df1fab1c82","2019-03-07T04:46:34.848000Z","2019-03-07T04:44:06.799000Z","dc95e619879b4692b66b732445ee7634","wsd","Kiswa"]
[25,"data","Administrative Data",1,1,"http://openrosa.org/formdesigner/3B1C38B8-553D-4F3C-863E-43CBC8E590CC",6,3,600,30,"yes",20,600,0,9,30,4000,"yes",60,"yes","NA","no","OK","NA","90ec2b5d-fa7c-4fad-988d-262a5d53733c","2019-03-25T21:13:29.969000Z","dc95e619879b4692b66b732445ee7634","http://commcarehq.org/case/transaction/v2","http://openrosa.org/jr/xforms","CommCare Android, version \"2.44.5\"(452680). App v21. CommCare Version 2.44. Build 452680, built on: 2019-01-17",21,"2.44.5",{"v":357574000000000,"d":"3.58E+14"},0,"NA","b19de996-3778-4e8f-b8a6-ebbfff15f5c8","2019-03-25T21:13:29.969000Z","2019-03-25T21:11:27.157000Z","dc95e619879b4692b66b732445ee7634","wsd","Kitebi"]
[54,"data","Administrative Data",1,1,"http://openrosa.org/formdesigner/3B1C38B8-553D-4F3C-863E-43CBC8E590CC",3,4,105,31,"yes",3,79,2,6,30,1393,"yes",5,"yes","NA","no","OK","NA","beabdcf2-def0-47f6-8542-f2e97d30308c","2019-03-04T12:35:59.689000Z","bfb5402b40164fd79972461697cc77d0","http://commcarehq.org/case/transaction/v2","http://openrosa.org/jr/xforms","CommCare Android, version \"2.44.5\"(452680). App v21. CommCare Version 2.44. Build 452680, built on: 2019-01-17",21,"2.44.5",{"v":352779000000000,"d":"3.53E+14"},0,"NA","c4a049fe-21e0-43c2-a862-ba758cb03f22","2019-03-04T12:35:59.689000Z","2019-03-04T12:00:01.314000Z","bfb5402b40164fd79972461697cc77d0","nal","Kojja Health Centre"]
[10,"data","Administrative Data",1,1,"http://openrosa.org/formdesigner/3B1C38B8-553D-4F3C-863E-43CBC8E590CC",9,54,350,17,"yes",20,350,2,33,24,7000,"yes",10,"yes","NA","no","OK","NA","47fbb28b-254b-4058-8299-0b6c0b6695d5","2019-03-11T10:19:30.565000Z","ac2930defd7345fca324fda6b2024bdf","http://commcarehq.org/case/transaction/v2","http://openrosa.org/jr/xforms","CommCare Android, version \"2.44.5\"(452680). App v21. CommCare Version 2.44. Build 452680, built on: 2019-01-17",21,"2.44.5",{"v":357574000000000,"d":"3.58E+14"},0,"NA","00069236-dd30-433c-81b9-772c713af75d","2019-03-11T10:19:30.565000Z","2019-03-11T10:17:56.659000Z","ac2930defd7345fca324fda6b2024bdf","cto","Komamboga"]
[63,"data","Administrative Data",1,1,"http://openrosa.org/formdesigner/3B1C38B8-553D-4F3C-863E-43CBC8E590CC",2,16,30,3,"yes",2,8,0,4,30,859,"yes",5,"yes","NA","no","OK","NA","e882b737-b2f8-4777-b45e-c5c1c99cdd0b","2019-03-04T11:16:21.326000Z","4863945666724523b39da5fe9b643354","http://commcarehq.org/case/transaction/v2","http://openrosa.org/jr/xforms","CommCare Android, version \"2.44.5\"(452680). App v21. CommCare Version 2.44. Build 452680, built on: 2019-01-17",21,"2.44.5",{"v":352779000000000,"d":"3.53E+14"},0,"NA","b9223904-1715-46c8-86a0-f86c248c376d","2019-03-04T11:16:21.326000Z","2019-03-04T11:12:18.739000Z","4863945666724523b39da5fe9b643354","aef","Kyampisi"]
[19,"data","Administrative Data",1,1,"http://openrosa.org/formdesigner/3B1C38B8-553D-4F3C-863E-43CBC8E590CC",1,13,0,"NA","no","NA","NA",0,2,30,600,"yes","NA","no",60,"yes","OK",0,"f916b6f7-db2a-4520-93eb-696c3618e16b","2019-04-02T15:54:42.293000Z","dc95e619879b4692b66b732445ee7634","http://commcarehq.org/case/transaction/v2","http://openrosa.org/jr/xforms","CommCare Android, version \"2.44.5\"(452680). App v21. CommCare Version 2.44. Build 452680, built on: 2019-01-17",21,"2.44.5",{"v":357574000000000,"d":"3.58E+14"},0,"NA","19598b83-af99-4f43-b99d-49aebfac849c","2019-04-02T15:54:42.293000Z","2019-04-02T15:52:22.698000Z","dc95e619879b4692b66b732445ee7634","wsd","Kyengera"]
[53,"data","Administrative Data",1,1,"http://openrosa.org/formdesigner/3B1C38B8-553D-4F3C-863E-43CBC8E590CC",3,18,20,28,"yes",5,100,2,7,30,700,"yes",7,"yes","NA","no","OK","NA","30e93da6-b23c-4f0c-a368-af1b63320355","2019-03-05T18:34:38.201000Z","bfb5402b40164fd79972461697cc77d0","http://commcarehq.org/case/transaction/v2","http://openrosa.org/jr/xforms","CommCare Android, version \"2.44.5\"(452680). App v21. CommCare Version 2.44. Build 452680, built on: 2019-01-17",21,"2.44.5",{"v":352779000000000,"d":"3.53E+14"},0,"NA","1727c600-01ab-4364-89af-f82c2178ce25","2019-03-05T18:34:38.201000Z","2019-03-05T13:33:27.954000Z","bfb5402b40164fd79972461697cc77d0","nal","Kyetume HC III"]
[14,"data","Administrative Data",1,1,"http://openrosa.org/formdesigner/3B1C38B8-553D-4F3C-863E-43CBC8E590CC",1,7,5,13,"yes",2,30,1,7,30,300,"yes","NA","no","NA","no","OK","NA","ae9b4d0d-4846-419c-9be5-9cf27a44bb49","2019-03-05T08:38:52.405000Z","ac2930defd7345fca324fda6b2024bdf","http://commcarehq.org/case/transaction/v2","http://openrosa.org/jr/xforms","CommCare Android, version \"2.44.5\"(452680). App v21. CommCare Version 2.44. Build 452680, built on: 2019-01-17",21,"2.44.5",{"v":357574000000000,"d":"3.58E+14"},0,"NA","be524d1d-91b5-4b8e-b39c-a845d92f3d10","2019-03-05T08:38:52.405000Z","2019-03-05T08:33:17.074000Z","ac2930defd7345fca324fda6b2024bdf","cto","Lufuka HC III"]
[60,"data","Administrative Data",1,1,"http://openrosa.org/formdesigner/3B1C38B8-553D-4F3C-863E-43CBC8E590CC",2,13,50,20,"yes",100,90,0,4,30,1500,"yes",15,"yes","NA","no","OK","NA","e7bab138-eed0-4bdc-b3f4-766c855de4b9","2019-03-06T08:40:09.076000Z","4863945666724523b39da5fe9b643354","http://commcarehq.org/case/transaction/v2","http://openrosa.org/jr/xforms","CommCare Android, version \"2.44.5\"(452680). App v21. CommCare Version 2.44. Build 452680, built on: 2019-01-17",21,"2.44.5",{"v":352779000000000,"d":"3.53E+14"},0,"NA","b39d1621-5502-4fbf-b29d-b0ff25da8b7b","2019-03-06T08:40:09.076000Z","2019-03-06T08:33:25.091000Z","4863945666724523b39da5fe9b643354","aef","Mirembe Medical Centre"]
[13,"data","Administrative Data",1,1,"http://openrosa.org/formdesigner/3B1C38B8-553D-4F3C-863E-43CBC8E590CC",1,10,30,30,"yes",30,30,0,6,30,1000,"yes",30,"yes",200,"yes","OK","NA","2fd35b00-c544-408b-bb60-f1e5f64bdaeb","2019-03-06T10:08:58.476000Z","ac2930defd7345fca324fda6b2024bdf","http://commcarehq.org/case/transaction/v2","http://openrosa.org/jr/xforms","CommCare Android, version \"2.44.5\"(452680). App v21. CommCare Version 2.44. Build 452680, built on: 2019-01-17",21,"2.44.5",{"v":357574000000000,"d":"3.58E+14"},0,"NA","f615a2b0-7b92-456d-a0c5-46616796f17b","2019-03-06T10:08:58.476000Z","2019-03-06T10:03:58.241000Z","ac2930defd7345fca324fda6b2024bdf","cto","Mpuuge"]
[15,"data","Administrative Data",1,1,"http://openrosa.org/formdesigner/3B1C38B8-553D-4F3C-863E-43CBC8E590CC",10,100,50,150,"yes",50,200,10,39,30,1000,"yes",25,"yes","NA","no","OK","NA","58adf7c5-0975-4d83-b117-eb1a7b05456d","2019-03-04T13:38:30.414000Z","ac2930defd7345fca324fda6b2024bdf","http://commcarehq.org/case/transaction/v2","http://openrosa.org/jr/xforms","CommCare Android, version \"2.44.5\"(452680). App v21. CommCare Version 2.44. Build 452680, built on: 2019-01-17",21,"2.44.5",{"v":357574000000000,"d":"3.58E+14"},0,"NA","33738b61-b7b9-47c0-806b-9f27afefef84","2019-03-04T13:38:30.414000Z","2019-03-04T13:31:44.512000Z","ac2930defd7345fca324fda6b2024bdf","cto","Mukono Church of Uganda Hospital"]
[23,"data","Administrative Data",1,1,"http://openrosa.org/formdesigner/3B1C38B8-553D-4F3C-863E-43CBC8E590CC",2,10,15,7,"yes",0,15,0,5,30,600,"yes","NA","no","NA","no","OK","NA","5b9684ca-0879-4c14-a30b-bb192a216c62","2019-03-29T11:44:58.759000Z","dc95e619879b4692b66b732445ee7634","http://commcarehq.org/case/transaction/v2","http://openrosa.org/jr/xforms","CommCare Android, version \"2.44.5\"(452680). App v21. CommCare Version 2.44. Build 452680, built on: 2019-01-17",21,"2.44.5",{"v":357574000000000,"d":"3.58E+14"},0,"NA","693b3e80-9fb5-45c5-9444-2e7cf8f86f3e","2019-03-29T11:44:58.759000Z","2019-03-29T11:33:30.893000Z","dc95e619879b4692b66b732445ee7634","wsd","Nabalanga HC III"]
[16,"data","Administrative Data",1,1,"http://openrosa.org/formdesigner/3B1C38B8-553D-4F3C-863E-43CBC8E590CC",1,15,80,6,"yes",4,90,0,3,30,3000,"yes","NA","no","NA","no","OK","NA","e9e4d9ff-6f72-4c1c-829d-831122e0a3e5","2019-04-03T04:41:02.302000Z","dc95e619879b4692b66b732445ee7634","http://commcarehq.org/case/transaction/v2","http://openrosa.org/jr/xforms","CommCare Android, version \"2.44.5\"(452680). App v21. CommCare Version 2.44. Build 452680, built on: 2019-01-17",21,"2.44.5",{"v":357574000000000,"d":"3.58E+14"},0,"NA","1242113c-d933-444f-baf3-b6cbd10ca17c","2019-04-03T04:41:02.302000Z","2019-04-03T04:36:23.080000Z","dc95e619879b4692b66b732445ee7634","wsd","Nabweru HC III"]
[62,"data","Administrative Data",1,1,"http://openrosa.org/formdesigner/3B1C38B8-553D-4F3C-863E-43CBC8E590CC",8,100,135,100,"yes",10,450,8,32,30,4500,"yes",110,"yes",4000,"yes","OK","NA","e3ef110b-57ea-43c1-b12f-b09c06a16724","2019-03-04T13:18:50.189000Z","4863945666724523b39da5fe9b643354","http://commcarehq.org/case/transaction/v2","http://openrosa.org/jr/xforms","CommCare Android, version \"2.44.5\"(452680). App v21. CommCare Version 2.44. Build 452680, built on: 2019-01-17",21,"2.44.5",{"v":352779000000000,"d":"3.53E+14"},0,"NA","a2cb133d-fa4a-4716-bfa5-c8b809d16a76","2019-03-04T13:18:50.189000Z","2019-03-04T13:13:31.914000Z","4863945666724523b39da5fe9b643354","aef","Naggalama Hospital (PNFP)"]
[3,"data","Administrative Data",1,1,"http://openrosa.org/formdesigner/3B1C38B8-553D-4F3C-863E-43CBC8E590CC",2,7,25,"NA","no","NA","NA",0,5,30,850,"yes","NA","no","NA","no","OK","NA","97909d79-3aef-4502-b191-c8a3fd92a383","2019-04-01T13:03:08.135000Z","ac2930defd7345fca324fda6b2024bdf","http://commcarehq.org/case/transaction/v2","http://openrosa.org/jr/xforms","CommCare Android, version \"2.44.5\"(452680). App v21. CommCare Version 2.44. Build 452680, built on: 2019-01-17",21,"2.44.5",{"v":357574000000000,"d":"3.58E+14"},0,"NA","b327c220-3d36-46f2-9891-46462dce37a0","2019-04-01T13:03:08.135000Z","2019-04-01T12:59:30.367000Z","ac2930defd7345fca324fda6b2024bdf","cto","Nagojje HC III"]
[9,"data","Administrative Data",1,1,"http://openrosa.org/formdesigner/3B1C38B8-553D-4F3C-863E-43CBC8E590CC",2,40,850,150,"yes",130,3900,6,7,22,11000,"yes",320,"yes","NA","no","OK","NA","5c44967a-6b89-4eb1-bff8-fee943c06c04","2019-03-11T11:04:55.301000Z","ac2930defd7345fca324fda6b2024bdf","http://commcarehq.org/case/transaction/v2","http://openrosa.org/jr/xforms","CommCare Android, version \"2.44.5\"(452680). App v21. CommCare Version 2.44. Build 452680, built on: 2019-01-17",21,"2.44.5",{"v":357574000000000,"d":"3.58E+14"},0,"NA","4cf72634-da36-410e-ab2f-39aeac10a7d7","2019-03-11T11:04:55.301000Z","2019-03-11T10:59:14.695000Z","ac2930defd7345fca324fda6b2024bdf","cto","Naguru"]
[41,"data","Administrative Data",1,1,"http://openrosa.org/formdesigner/3B1C38B8-553D-4F3C-863E-43CBC8E590CC",2,11,50,13,"yes",2,30,0,14,30,2000,"yes",5,"yes",200,"yes","OK","NA","ab7fb142-6264-4664-84be-b30aea8a2f88","2019-03-22T07:15:16.231000Z","bfb5402b40164fd79972461697cc77d0","http://commcarehq.org/case/transaction/v2","http://openrosa.org/jr/xforms","CommCare Android, version \"2.44.5\"(452680). App v21. CommCare Version 2.44. Build 452680, built on: 2019-01-17",21,"2.44.5",{"v":352779000000000,"d":"3.53E+14"},0,"NA","3869008b-9181-4085-8148-263cd03eeaf7","2019-03-22T07:15:16.231000Z","2019-03-22T07:13:35.593000Z","bfb5402b40164fd79972461697cc77d0","nal","Nakawuka"]
[32,"data","Administrative Data",1,1,"http://openrosa.org/formdesigner/3B1C38B8-553D-4F3C-863E-43CBC8E590CC",2,10,130,"NA","no","NA","NA",0,5,28,1200,"yes","NA","no",300,"yes","OK","NA","0604d06c-4e0b-4949-b5e2-12427b556980","2019-03-04T10:51:34.271000Z","499624ea57b047c5b3cc1c03fbdd7717","http://commcarehq.org/case/transaction/v2","http://openrosa.org/jr/xforms","CommCare Android, version \"2.44.5\"(452680). App v21. CommCare Version 2.44. Build 452680, built on: 2019-01-17",21,"2.44.5",{"v":357574000000000,"d":"3.58E+14"},0,"NA","d8dde4a4-e5a1-45fb-b5c3-186648c7fc6b","2019-03-04T10:51:34.271000Z","2019-03-04T10:48:22.143000Z","499624ea57b047c5b3cc1c03fbdd7717","tib","Nakifuma"]
[59,"data","Administrative Data",1,1,"http://openrosa.org/formdesigner/3B1C38B8-553D-4F3C-863E-43CBC8E590CC",3,20,30,"NA","no","NA","NA",5,3,30,200,"yes","NA","no",100,"yes","OK","NA","02e4ba41-d98f-49aa-ab76-223e15d1e2e9","2019-03-07T10:47:03.072000Z","4863945666724523b39da5fe9b643354","http://commcarehq.org/case/transaction/v2","http://openrosa.org/jr/xforms","CommCare Android, version \"2.44.5\"(452680). App v21. CommCare Version 2.44. Build 452680, built on: 2019-01-17",21,"2.44.5",{"v":352779000000000,"d":"3.53E+14"},0,"NA","01621e5b-bc33-41ad-975a-b853b75b7256","2019-03-07T10:47:03.072000Z","2019-03-07T10:45:25.530000Z","4863945666724523b39da5fe9b643354","aef","Namulonge Health Centre III"]
[35,"data","Administrative Data",1,1,"http://openrosa.org/formdesigner/3B1C38B8-553D-4F3C-863E-43CBC8E590CC",4,35,120,20,"yes",15,800,2,5,30,4000,"yes",5,"yes",1000,"yes","OK","NA","eacc78a8-1a35-4e82-9bb8-2a053965f1fd","2019-03-15T15:41:12.704000Z","dc95e619879b4692b66b732445ee7634","http://commcarehq.org/case/transaction/v2","http://openrosa.org/jr/xforms","CommCare Android, version \"2.44.5\"(452680). App v21. CommCare Version 2.44. Build 452680, built on: 2019-01-17",21,"2.44.5",{"v":357574000000000,"d":"3.58E+14"},0,"NA","5b1f5106-6c44-42f4-9a30-52235dc16d66","2019-03-15T15:41:12.704000Z","2019-03-15T15:27:08.771000Z","dc95e619879b4692b66b732445ee7634","wsd","Ndejje"]
[17,"data","Administrative Data",1,1,"http://openrosa.org/formdesigner/3B1C38B8-553D-4F3C-863E-43CBC8E590CC",1,14,150,8,"yes",12,150,0,3,28,900,"yes","NA","no","NA","no","OK","NA","8e060f18-7e3b-4c5b-b8da-4f12c361b94a","2019-04-03T03:30:26.754000Z","dc95e619879b4692b66b732445ee7634","http://commcarehq.org/case/transaction/v2","http://openrosa.org/jr/xforms","CommCare Android, version \"2.44.5\"(452680). App v21. CommCare Version 2.44. Build 452680, built on: 2019-01-17",21,"2.44.5",{"v":357574000000000,"d":"3.58E+14"},0,"NA","299b767c-dc8c-4a73-9619-fb60b90a47b3","2019-04-03T03:30:26.754000Z","2019-04-03T03:27:57.271000Z","dc95e619879b4692b66b732445ee7634","wsd","Nsangi"]
[21,"data","Administrative Data",1,1,"http://openrosa.org/formdesigner/3B1C38B8-553D-4F3C-863E-43CBC8E590CC",44,394,415,236,"yes",30,1000,47,99,30,15000,"yes",230,"yes","NA","no","OK","NA","d0d2078c-3e81-4a29-b38c-b46a3d72efbd","2019-03-15T08:07:53.883000Z","499624ea57b047c5b3cc1c03fbdd7717","http://commcarehq.org/case/transaction/v2","http://openrosa.org/jr/xforms","CommCare Android, version \"2.44.5\"(452680). App v21. CommCare Version 2.44. Build 452680, built on: 2019-01-17",21,"2.44.5",{"v":357574000000000,"d":"3.58E+14"},0,"NA","eecd73b8-b7d1-4575-8d31-c91116371eec","2019-03-15T08:07:53.883000Z","2019-03-14T13:03:40.811000Z","499624ea57b047c5b3cc1c03fbdd7717","tib","Rubaga"]
[45,"data","Administrative Data",1,1,"http://openrosa.org/formdesigner/3B1C38B8-553D-4F3C-863E-43CBC8E590CC",4,30,30,24,"yes",5,55,10,20,30,1000,"yes",12,"yes","NA","no","OK","NA","a4b63fcc-5c7b-466a-a2d8-50a02d9c5916","2019-03-05T10:51:53.051000Z","dc95e619879b4692b66b732445ee7634","http://commcarehq.org/case/transaction/v2","http://openrosa.org/jr/xforms","CommCare Android, version \"2.44.5\"(452680). App v21. CommCare Version 2.44. Build 452680, built on: 2019-01-17",21,"2.44.5",{"v":357574000000000,"d":"3.58E+14"},0,"NA","60026d1b-3b6c-455c-b6d6-28887b8a0a19","2019-03-05T10:51:53.051000Z","2019-03-05T10:44:38.005000Z","dc95e619879b4692b66b732445ee7634","wsd","Ruth GayLord General Hospital"]
[26,"data","Administrative Data",1,1,"http://openrosa.org/formdesigner/3B1C38B8-553D-4F3C-863E-43CBC8E590CC",2,6,2,5,"yes",12,30,0,4,25,6,"yes","NA","no",300,"yes","OK","NA","2e231792-1e7d-4934-a415-4846e75c23a1","2019-03-10T19:29:09.820000Z","499624ea57b047c5b3cc1c03fbdd7717","http://commcarehq.org/case/transaction/v2","http://openrosa.org/jr/xforms","CommCare Android, version \"2.44.5\"(452680). App v21. CommCare Version 2.44. Build 452680, built on: 2019-01-17",21,"2.44.5",{"v":357574000000000,"d":"3.58E+14"},0,"NA","458357d1-3945-4a21-aa61-3568c12324c1","2019-03-10T19:29:09.820000Z","2019-03-10T19:27:29.231000Z","499624ea57b047c5b3cc1c03fbdd7717","tib","S.0.S Hermain Gmeiner HC"]
[24,"data","Administrative Data",1,1,"http://openrosa.org/formdesigner/3B1C38B8-553D-4F3C-863E-43CBC8E590CC",2,12,25,12,"yes",2,10,1,5,7,250,"yes","NA","no",150,"yes","OK","NA","325d48c4-f6ff-462b-b9b5-572dbce2d9ae","2019-03-11T08:42:00.773000Z","499624ea57b047c5b3cc1c03fbdd7717","http://commcarehq.org/case/transaction/v2","http://openrosa.org/jr/xforms","CommCare Android, version \"2.44.5\"(452680). App v21. CommCare Version 2.44. Build 452680, built on: 2019-01-17",21,"2.44.5",{"v":357574000000000,"d":"3.58E+14"},0,"NA","53a8b407-3380-4aab-9124-f4c9d02ba525","2019-03-11T08:42:00.773000Z","2019-03-11T08:38:23.496000Z","499624ea57b047c5b3cc1c03fbdd7717","tib","St Steven Dispensary and Maternity Centre III Health Centre III (Luzira)"]
[27,"data","Administrative Data",1,1,"http://openrosa.org/formdesigner/3B1C38B8-553D-4F3C-863E-43CBC8E590CC",7,67,2,50,"yes",10,30,6,18,30,200,"yes",1,"yes",1000,"yes","OK","NA","6c5b5da7-da11-4f9f-8c1b-d9a4fc8b72e3","2019-03-07T12:57:27.077000Z","499624ea57b047c5b3cc1c03fbdd7717","http://commcarehq.org/case/transaction/v2","http://openrosa.org/jr/xforms","CommCare Android, version \"2.44.5\"(452680). App v21. CommCare Version 2.44. Build 452680, built on: 2019-01-17",21,"2.44.5",{"v":357574000000000,"d":"3.58E+14"},0,"NA","60883d4e-b5e2-4047-94e5-70f1c44b7944","2019-03-07T12:57:27.077000Z","2019-03-07T12:48:20.643000Z","499624ea57b047c5b3cc1c03fbdd7717","tib","St. Benedictâ€™s Luzira"]
[22,"data","Administrative Data",1,1,"http://openrosa.org/formdesigner/3B1C38B8-553D-4F3C-863E-43CBC8E590CC",3,14,12,14,"yes",5,20,1,7,30,600,"yes",5,"yes","NA","no","OK","NA","be9c54ca-f4e4-44c7-ac31-b24804f83097","2019-04-01T07:35:33.081000Z","dc95e619879b4692b66b732445ee7634","http://commcarehq.org/case/transaction/v2","http://openrosa.org/jr/xforms","CommCare Android, version \"2.44.5\"(452680). App v21. CommCare Version 2.44. Build 452680, built on: 2019-01-17",21,"2.44.5",{"v":357574000000000,"d":"3.58E+14"},0,"NA","e99d05f2-cde9-415b-9a4c-9272919427c1","2019-04-01T07:35:33.081000Z","2019-04-01T07:30:22.376000Z","dc95e619879b4692b66b732445ee7634","wsd","St. John HC III"]
[31,"data","Administrative Data",1,1,"http://openrosa.org/formdesigner/3B1C38B8-553D-4F3C-863E-43CBC8E590CC",2,9,25,18,"yes",1,30,0,5,30,600,"yes",10,"yes",500,"yes","OK","NA","7a2570a9-6fb1-42dc-8d10-67ab43b0f5ab","2019-03-05T10:11:32.576000Z","499624ea57b047c5b3cc1c03fbdd7717","http://commcarehq.org/case/transaction/v2","http://openrosa.org/jr/xforms","CommCare Android, version \"2.44.5\"(452680). App v21. CommCare Version 2.44. Build 452680, built on: 2019-01-17",21,"2.44.5",{"v":357574000000000,"d":"3.58E+14"},0,"NA","e3f11377-d4a1-4ac1-a4d7-b95ed6c08d1f","2019-03-05T10:11:32.576000Z","2019-03-05T09:56:47.436000Z","499624ea57b047c5b3cc1c03fbdd7717","tib","St. Josephs Buyege Health Centre"]
[4,"data","Administrative Data",1,1,"http://openrosa.org/formdesigner/3B1C38B8-553D-4F3C-863E-43CBC8E590CC",1,9,20,14,"yes",0,60,1,6,30,250,"yes","NA","no","NA","no","OK","NA","e7a3b1bc-441f-48f7-90e1-723c013f2b8e","2019-04-01T09:32:58.539000Z","ac2930defd7345fca324fda6b2024bdf","http://commcarehq.org/case/transaction/v2","http://openrosa.org/jr/xforms","CommCare Android, version \"2.44.5\"(452680). App v21. CommCare Version 2.44. Build 452680, built on: 2019-01-17",21,"2.44.5",{"v":357574000000000,"d":"3.58E+14"},0,"NA","63fd4b38-6a60-4597-ab10-7d41238c9228","2019-04-01T09:32:58.539000Z","2019-04-01T09:22:26.859000Z","ac2930defd7345fca324fda6b2024bdf","cto","St. Kizito HC III"]
[34,"data","Administrative Data",1,1,"http://openrosa.org/formdesigner/3B1C38B8-553D-4F3C-863E-43CBC8E590CC",2,2,0,40,"yes",5,80,0,11,7,3000,"yes",15,"yes","NA","no","OK",0,"3a5ff124-cd91-498c-a89e-d32647f5030d","2019-03-15T19:55:53.811000Z","dc95e619879b4692b66b732445ee7634","http://commcarehq.org/case/transaction/v2","http://openrosa.org/jr/xforms","CommCare Android, version \"2.44.5\"(452680). App v21. CommCare Version 2.44. Build 452680, built on: 2019-01-17",21,"2.44.5",{"v":357574000000000,"d":"3.58E+14"},0,"NA","f4b92e40-125f-4873-a4dc-4046bc6c5c0d","2019-03-15T19:55:53.811000Z","2019-03-15T19:53:19.561000Z","dc95e619879b4692b66b732445ee7634","wsd","St. Magdalene Lweza"]
[20,"data","Administrative Data",1,1,"http://openrosa.org/formdesigner/3B1C38B8-553D-4F3C-863E-43CBC8E590CC",2,8,40,"NA","no","NA","NA",0,9,30,500,"yes","NA","no","NA","no","OK","NA","3a83d820-999c-4858-a1b6-1a4898747fba","2019-04-02T14:47:32.460000Z","dc95e619879b4692b66b732445ee7634","http://commcarehq.org/case/transaction/v2","http://openrosa.org/jr/xforms","CommCare Android, version \"2.44.5\"(452680). App v21. CommCare Version 2.44. Build 452680, built on: 2019-01-17",21,"2.44.5",{"v":357574000000000,"d":"3.58E+14"},0,"NA","3002e7cc-2124-4a62-945e-22c16b9e7d2b","2019-04-02T14:47:32.460000Z","2019-04-02T14:45:48.524000Z","dc95e619879b4692b66b732445ee7634","wsd","St. Urlika Kiziba HC"]
[36,"data","Administrative Data",1,1,"http://openrosa.org/formdesigner/3B1C38B8-553D-4F3C-863E-43CBC8E590CC",5,30,300,10,"yes",5,150,2,8,30,30000,"yes",60,"yes",2000,"yes","OK","NA","ce90f887-a55c-4f27-b424-f51e4743f4ca","2019-03-15T07:22:13.329000Z","dc95e619879b4692b66b732445ee7634","http://commcarehq.org/case/transaction/v2","http://openrosa.org/jr/xforms","CommCare Android, version \"2.44.5\"(452680). App v21. CommCare Version 2.44. Build 452680, built on: 2019-01-17",21,"2.44.5",{"v":357574000000000,"d":"3.58E+14"},0,"NA","fe739788-ea75-4687-937a-e0b8ade33c2d","2019-03-15T07:22:13.329000Z","2019-03-15T07:18:37.195000Z","dc95e619879b4692b66b732445ee7634","wsd","Wakiso"]
[48,"data","Administrative Data",1,1,"http://openrosa.org/formdesigner/3B1C38B8-553D-4F3C-863E-43CBC8E590CC",1,10,60,1,"yes",1,25,0,2,27,800,"yes","NA","no",200,"yes","OK","NA","26600cae-8a33-49e1-8261-43168391c87e","2019-03-05T08:18:47.551000Z","dc95e619879b4692b66b732445ee7634","http://commcarehq.org/case/transaction/v2","http://openrosa.org/jr/xforms","CommCare Android, version \"2.44.5\"(452680). App v21. CommCare Version 2.44. Build 452680, built on: 2019-01-17",21,"2.44.5",{"v":357574000000000,"d":"3.58E+14"},0,"NA","abbb0fd9-f21b-473a-8a55-acc4555a5141","2019-03-05T08:18:47.551000Z","2019-03-05T08:14:42.271000Z","dc95e619879b4692b66b732445ee7634","wsd","Watuba"]
[18,"data","Administrative Data",1,1,"http://openrosa.org/formdesigner/3B1C38B8-553D-4F3C-863E-43CBC8E590CC",3,45,13,16,"yes",2,15,2,15,30,5000,"yes","NA","no","NA","no","OK","NA","67a6fad8-6cc9-4a10-830d-3ae92d437b1a","2019-04-02T18:41:31.746000Z","dc95e619879b4692b66b732445ee7634","http://commcarehq.org/case/transaction/v2","http://openrosa.org/jr/xforms","CommCare Android, version \"2.44.5\"(452680). App v21. CommCare Version 2.44. Build 452680, built on: 2019-01-17",21,"2.44.5",{"v":357574000000000,"d":"3.58E+14"},0,"NA","0f34a6a3-770b-4bb5-8f09-c30ba2315989","2019-04-02T18:41:31.746000Z","2019-04-02T18:36:34.201000Z","dc95e619879b4692b66b732445ee7634","wsd","Zia Angelina H/C"]